000
00254nam a22001217a 4500
008
180905b xxu||||| |||| 00| 0 eng d
041
_a
eng
080
_a
572
100
_a
24
101
_a
ANT
245
_a
Anthropology
_c
Angeloni .E
942
_2
udc
_c
BK
999
_c
47549
_d
47549